000
00269nam a2200097Ia 4500
001
775824
005
20250826165836.0
008
250824s9999 xx 000 0 und d
245
0
_a
YEDİNCİ GÜN BORDAMIZA VURAN DENİZ
_c
ORHAN HANÇERLİOĞLU
260
_b
REMZİ KİTABEVİ
999
_c
775824
_d
775824